000 00613cam a2200157 i 4500
005 20251116121518.0
008 250721q1970 xx gr 000 0 ara d
082 1 4 _a210
_bت ي م
100 1 _aإبن تيمية، تقي الدين أبو العباس أحمد
_eمؤلف.
245 1 0 _aإقتضاء الصراط المستقيم مخالفة أصحاب الجحيم /
_cتأليف شيخ الاسلام ابن تيمية.
264 1 _aمكة المكرمة :
_bمطابع المجد التجارية،
_c1970.
300 _a480 صفحة.
650 1 7 _aالإسلام.
942 _2ddc
_cBK
999 _c2742
_d2742